000 00410nam a2200181Ia 4500
001 19084
005 20260306171718.0
008 260306s9999||||xx |||||||||||||| ||und||
041 _aESP
082 _a658.8
_bK77 2017
100 _aKotler, Philip
_eAUT
245 0 _aMarketing 3.0
260 _c2017
300 _a221 páginas :
_c22 cm.
650 _aGEN
654 _aCAN
942 _cLIB
_dJUS
_fJUS
_2ddc
_n
999 _c19084
_d19084